[Event "Oberliga Nord O 1516"]
[Site "Germany"]
[Date "2016.03.13"]
[Round "8.8"]
[White "Germann, Heike"]
[Black "Wischhoefer, Cord"]
[Result "1/2-1/2"]
[WhiteElo "2007"]
[BlackElo "2187"]
[PlyCount "162"]
[EventDate "2015.09.20"]
[EventType "team-tourn"]
[EventRounds "9"]
[EventCountry "GER"]
[SourceTitle "EXT 2017"]
[Source "ChessBase"]
[SourceDate "2016.10.25"]
[SourceVersion "1"]
[SourceVersionDate "2016.10.25"]
[SourceQuality "1"]
[WhiteTeam "Neuruppin"]
[BlackTeam "Weisse Dame"]
[WhiteTeamCountry "GER"]
[BlackTeamCountry "GER"]

1. d4 e6 2. c4 d5 3. Nc3 c5 4. e3 Nc6 5. Nf3 Nf6 6. dxc5 Bxc5 7. Be2 0-0 8. 0-0 a6 9. a3 dxc4 10. Bxc4 Qe7 11. b4 Rd8 12. Qe2 Bd6 13. Bb2 b5 14. Bb3 Bb7 15. Rfd1 Rac8 16. Rac1 Ne5 17. Nxe5 Bxe5 18. f3 Bb8 19. Rxd8+ Rxd8 20. Rd1 Rc8 21. Nb1 Qc7 22. g3 Ba7 23. Rc1 Qd7 24. Rd1 Qe7 25. Bd4 Bxd4 26. Rxd4 Rc1+ 27. Rd1 Rc7 28. e4 Rd7 29. Nc3 Qd8 30. Bc2 Qb6+ 31. Kg2 e5 32. Bb3 Rxd1 33. Qxd1 Kf8 34. Nd5 Bxd5 35. Bxd5 Qd6 36. Bb3 Qxd1 37. Bxd1 Ne8 38. Bb3 Nc7 39. Kf2 Ke7 40. Ke3 f6 41. Kd3 Kd6 42. Ba2 Kc6 43. Bf7 Kd6 44. Kc3 Kc6 45. Kd3 Kb6 46. Kc3 a5 47. Kb3 axb4 48. axb4 Na6 49. Kc3 Nb8 50. Be8 Na6 51. Kb3 Nc7 52. Bf7 Kc6 53. Kc3 Kd6 54. Bb3 Na8 55. Bf7 Ke7 56. Bd5 Nc7 57. Bb3 Ne8 58. Bd5 Kd7 59. Kd3 Nd6 60. Kc3 Nc8 61. Bb3 Ne7 62. Bd1 Nc6 63. f4 Kd6 64. f5 g6 65. g4 gxf5 66. gxf5 Nd4 67. h4 Ke7 68. Kd3 Kf8 69. Kc3 Kg7 70. Kd3 Nc6 71. Kc3 Kh6 72. Be2 Nd4 73. Bd1 Kg7 74. Kd3 Kf8 75. Kc3 Ke7 76. Kd3 Kd6 77. Kc3 Kc6 78. Bh5 Kb6 79. Bd1 Nc6 80. Bb3 Ne7 81. Kd3 Nc6 1/2-1/2

[Event "Berlin Eckbauer op 17th"]
[Site "Berlin"]
[Date "2014.11.24"]
[Round "7"]
[White "Wischhoefer, Cord"]
[Black "Stoeckel, Johannes"]
[Result "1-0"]
[WhiteElo "2184"]
[BlackElo "1813"]
[PlyCount "57"]
[EventDate "2014.10.06"]
[EventType "swiss"]
[EventRounds "7"]
[EventCountry "GER"]
[SourceTitle "EXT 2022"]
[Source "ChessBase"]
[SourceDate "2021.10.06"]
[SourceVersion "1"]
[SourceVersionDate "2021.10.06"]
[SourceQuality "1"]

1. Nf3 c5 2. c4 Nc6 3. g3 b6 4. Bg2 Bb7 5. Nc3 Nf6 6. 0-0 d6 7. e3 e6 8. d4 a6 9. b3 Qc7 10. Bb2 cxd4 11. exd4 Ne7 12. Rc1 g6 13. d5 e5 14. Nxe5 dxe5 15. d6 Qb8 16. dxe7 Bxe7 17. Nd5 Nxd5 18. cxd5 f6 19. f4 exf4 20. Rxf4 0-0 21. d6 Bxd6 22. Bxb7 Bc5+ 23. Rxc5 Qxb7 24. Qd5+ Qxd5 25. Rxd5 Rae8 26. Rd6 Re1+ 27. Rf1 Re2 28. Rf2 Rxf2 29. Kxf2 1-0

[Event "Oberliga Nord O 0910"]
[Site "Germany"]
[Date "2010.03.21"]
[Round "8.5"]
[White "Wischhoefer, Cord"]
[Black "Schmidt, Robert"]
[Result "1-0"]
[WhiteElo "2176"]
[BlackElo "2145"]
[PlyCount "59"]
[EventDate "2009.10.18"]
[EventType "team-tourn"]
[EventRounds "9"]
[EventCountry "GER"]
[SourceTitle "EXT 2011"]
[Source "ChessBase"]
[SourceDate "2010.11.26"]
[SourceVersion "1"]
[SourceVersionDate "2010.11.26"]
[SourceQuality "1"]
[WhiteTeam "Weisse Dame"]
[BlackTeam "Eberswalde"]
[WhiteTeamCountry "GER"]
[BlackTeamCountry "GER"]

1. Nf3 g6 2. g3 Bg7 3. c4 f5 4. Bg2 e5 5. d3 d6 6. Nc3 Nf6 7. 0-0 0-0 8. Bd2 c6 9. Rb1 Nbd7 10. Ne1 Nc5 11. b4 Ne6 12. b5 Bd7 13. Nc2 Qc7 14. Nb4 a5 15. bxa6 bxa6 16. Qc1 Rfb8 17. Qa3 a5 18. Nc2 Bf8 19. Rxb8 Rxb8 20. Rb1 Ra8 21. Qb2 Be7 22. Be3 Bd8 23. Bb6 Qc8 24. Bxd8 Qxd8 25. Qb6 Kf7 26. Bxc6 Bxc6 27. Qxc6 Rc8 28. Qb6 Qxb6 29. Rxb6 d5 30. Na3 1-0

[Event "Oberliga Nord O 0910"]
[Site "Germany"]
[Date "2010.02.28"]
[Round "7.4"]
[White "Wischhoefer, Cord"]
[Black "Zeitz, Philip"]
[Result "1/2-1/2"]
[WhiteElo "2176"]
[BlackElo "2252"]
[PlyCount "39"]
[EventDate "2009.10.18"]
[EventType "team-tourn"]
[EventRounds "9"]
[EventCountry "GER"]
[SourceTitle "EXT 2011"]
[Source "ChessBase"]
[SourceDate "2010.11.26"]
[SourceVersion "1"]
[SourceVersionDate "2010.11.26"]
[SourceQuality "1"]
[WhiteTeam "Weisse Dame"]
[BlackTeam "Kreuzberg"]
[WhiteTeamCountry "GER"]
[BlackTeamCountry "GER"]

1. Nf3 Nf6 2. c4 c6 3. d4 d5 4. e3 a6 5. b3 Bg4 6. Bd3 e6 7. 0-0 Be7 8. Bb2 Nbd7 9. Nbd2 0-0 10. Qc2 Bxf3 11. Nxf3 g6 12. Ne5 Ne8 13. Nxd7 Qxd7 14. e4 f5 15. f3 Rc8 16. Rad1 Ng7 17. Kh1 Nh5 18. Qd2 Qd8 19. g3 Rf7 20. Bc3 1/2-1/2

[Event "Berlin tt 0001"]
[Site "Berlin"]
[Date "2001.01.21"]
[Round "5.3"]
[White "Keskowski, Thilo"]
[Black "Wischhoefer, Cord"]
[Result "1/2-1/2"]
[WhiteElo "2116"]
[BlackElo "2116"]
[PlyCount "42"]
[EventDate "2000.10.22"]
[EventType "team"]
[EventRounds "11"]
[EventCountry "GER"]
[SourceTitle "EXT 2007"]
[Source "ChessBase"]
[SourceDate "2006.11.23"]
[SourceVersion "1"]
[SourceVersionDate "2006.11.23"]
[SourceQuality "1"]

1. e4 e6 2. d4 d5 3. Nd2 c5 4. exd5 exd5 5. Bb5+ Nc6 6. Ngf3 Bd6 7. 0-0 Nge7 8. dxc5 Bxc5 9. Nb3 Bd6 10. Bg5 0-0 11. c3 Bg4 12. Be2 Qc7 13. h3 Bd7 14. Qd2 Rad8 15. Nbd4 a6 16. Rfe1 f6 17. Be3 Ne5 18. Bf1 Nc4 19. Qc2 Ne5 20. Qb3 Kh8 21. Rad1 Rfe8 1/2-1/2